[Event "Speed Chess (Women) GP2"]
[Site "Chess.com INT"]
[Date "2020.07.01"]
[Round "1.8"]
[White "Mammadzada, Gunay Vuqar Qizi"]
[Black "Hou, Yifan"]
[Result "1-0"]
[WhiteElo "2443"]
[BlackElo "2658"]
[PlyCount "109"]
[EventDate "2020.07.01"]
[EventType "k.o. (blitz)"]
[EventRounds "4"]
[EventCountry "USA"]
[SourceTitle "CBM 197 Extra"]
[Source "ChessBase"]
[SourceDate "2020.09.30"]
[SourceVersion "1"]
[SourceVersionDate "2020.09.30"]
[SourceQuality "1"]

1. e4 c5 2. Nf3 a6 3. c4 e6 4. g3 b6 5. Bg2 Bb7 6. Nc3 d6 7. d4 cxd4 8. Nxd4
Qc7 9. O-O Nf6 10. Be3 Nbd7 11. Rc1 Be7 12. f4 O-O 13. b4 Rac8 14. g4 g6 15. g5
Nh5 16. Bf3 Ng7 17. Qd2 f5 18. Qg2 fxe4 19. Bxe4 Bxe4 20. Nxe4 Rce8 21. Rfd1
Bd8 22. Kh1 Kh8 23. Ne2 Nf5 24. Bg1 Kg8 25. Nd4 e5 26. Nxf5 gxf5 27. Nxd6 e4
28. Nxe8 Rxe8 29. Qd2 Nf8 30. Qd5+ Qf7 31. Qxf7+ Kxf7 32. Be3 Ne6 33. c5 bxc5
34. bxc5 Bc7 35. Rd7+ Re7 36. Rxe7+ Kxe7 37. c6 Kd8 38. Rf1 Ke7 39. h4 Kd6 40.
Rc1 Kd5 41. h5 Nf8 42. Kg2 Ne6 43. Kf2 Ng7 44. Rc5+ Ke6 45. h6 Ne8 46. Rc1 Kf7
47. Rd1 Nd6 48. Bc5 Nb5 49. Rd7+ Kg6 50. a4 Bxf4 51. axb5 axb5 52. c7 Bxc7 53.
Rxc7 f4 54. Bd6 e3+ 55. Kf3 1-0

[Event "Speed Chess (Women) GP2"]
[Site "Chess.com INT"]
[Date "2020.07.01"]
[Round "1.9"]
[White "Hou, Yifan"]
[Black "Mammadzada, Gunay Vuqar Qizi"]
[Result "1-0"]
[WhiteElo "2658"]
[BlackElo "2443"]
[PlyCount "117"]
[EventDate "2020.07.01"]
[EventType "k.o. (blitz)"]
[EventRounds "4"]
[EventCountry "USA"]
[SourceTitle "CBM 197 Extra"]
[Source "ChessBase"]
[SourceDate "2020.09.30"]
[SourceVersion "1"]
[SourceVersionDate "2020.09.30"]
[SourceQuality "1"]

1. e4 c5 2. Nf3 d6 3. Bb5+ Bd7 4. c4 Nf6 5. Nc3 g6 6. d4 cxd4 7. Nxd4 Bg7 8.
O-O O-O 9. h3 a6 10. Bxd7 Nfxd7 11. Be3 Nc6 12. Rc1 Rc8 13. b3 Qa5 14. Nd5 Rfe8
15. a4 e6 16. Nc3 Nxd4 17. Bxd4 Bxd4 18. Qxd4 Nc5 19. Rb1 Qc7 20. Rfd1 Rcd8 21.
Qe3 Nd7 22. Ne2 Qc5 23. Nd4 Nb8 24. Qd3 e5 25. Nc2 Nc6 26. b4 Qb6 27. a5 Qc7
28. Qc3 Rc8 29. Rbc1 Red8 30. Ne3 Qe7 31. Nd5 Qe6 32. Nb6 Rc7 33. Qe3 Nxb4 34.
Nd5 Nxd5 35. cxd5 Qe7 36. Qb6 Rdc8 37. Rb1 Kg7 38. g3 h5 39. h4 Qf6 40. Kg2 Rc2
41. Rd3 R8c5 42. Rf3 Qe7 43. Qxb7 Qxb7 44. Rxb7 Rc7 45. Rb6 R2c4 46. Rxd6 Rxe4
47. Rxa6 Ra4 48. d6 Rd7 49. Rd3 e4 50. Rd2 Kf6 51. Ra8 Ke6 52. Re8+ Kf6 53. Ra8
Ke6 54. a6 f5 55. Re8+ Kf7 56. Ra8 Ke6 57. Kf1 Rxd6 58. Rxd6+ Kf7 59. a7 1-0

[Event "Speed Chess (Women) GP2"]
[Site "Chess.com INT"]
[Date "2020.07.01"]
[Round "1.10"]
[White "Mammadzada, Gunay Vuqar Qizi"]
[Black "Hou, Yifan"]
[Result "1/2-1/2"]
[WhiteElo "2443"]
[BlackElo "2658"]
[PlyCount "121"]
[EventDate "2020.07.01"]
[EventType "k.o. (blitz)"]
[EventRounds "4"]
[EventCountry "USA"]
[SourceTitle "CBM 197 Extra"]
[Source "ChessBase"]
[SourceDate "2020.09.30"]
[SourceVersion "1"]
[SourceVersionDate "2020.09.30"]
[SourceQuality "1"]

1. e4 e6 2. d4 d5 3. Nd2 c5 4. Ngf3 cxd4 5. exd5 Qxd5 6. Bc4 Qd6 7. O-O Nc6 8.
Nb3 Nf6 9. Nbxd4 Nxd4 10. Nxd4 Qc7 11. Bb5+ Bd7 12. Bg5 Be7 13. Re1 a6 14.
Bxd7+ Qxd7 15. Nb3 Qc7 16. c3 O-O 17. Qf3 Rad8 18. Nd4 h6 19. Bf4 Bd6 20. Bxh6
Bxh2+ 21. Kh1 Be5 22. Be3 Nd5 23. Ne2 Nxe3 24. Qxe3 g6 25. Ng1 Bf6 26. Nf3 Kg7
27. Kg1 Rh8 28. Rad1 Rxd1 29. Rxd1 g5 30. Qe4 Rh6 31. g3 Rh8 32. Kg2 Qe7 33.
Rd2 Rc8 34. c4 Qc7 35. b3 b6 36. Rd1 Qc6 37. Qxc6 Rxc6 38. a4 Kf8 39. Kf1 Ke7
40. Ke2 Rd6 41. Rxd6 Kxd6 42. Kd3 Kc5 43. Nd2 Be7 44. g4 f5 45. f3 Kc6 46. Kd4
Bf6+ 47. Kd3 Kc5 48. Nf1 Kb4 49. Kc2 Bd4 50. Ng3 fxg4 51. fxg4 Be3 52. Ne4 Bf4
53. Nf6 b5 54. cxb5 axb5 55. axb5 Kxb5 56. Kd3 Kb4 57. Kc2 Bd6 58. Ne4 Bf4 59.
Nf6 Be5 60. Ne4 Bf4 61. Nf6 1/2-1/2

[Event "Speed Chess (Women) GP2"]
[Site "Chess.com INT"]
[Date "2020.07.02"]
[Round "2.1"]
[White "Ushenina, Anna"]
[Black "Hou, Yifan"]
[Result "1/2-1/2"]
[WhiteElo "2416"]
[BlackElo "2658"]
[PlyCount "89"]
[EventDate "2020.07.01"]
[EventType "k.o. (blitz)"]
[EventRounds "4"]
[EventCountry "USA"]
[SourceTitle "CBM 197 Extra"]
[Source "ChessBase"]
[SourceDate "2020.09.30"]
[SourceVersion "1"]
[SourceVersionDate "2020.09.30"]
[SourceQuality "1"]

1. d4 Nf6 2. Nf3 e6 3. Bf4 c5 4. e3 Nc6 5. c3 d5 6. Nbd2 Be7 7. h3 Bd6 8. dxc5
Bxc5 9. Bd3 O-O 10. O-O Bd6 11. Bxd6 Qxd6 12. e4 Rd8 13. Qe2 dxe4 14. Bxe4 b6
15. Rad1 Bb7 16. Bc2 Qe7 17. Ne4 Nxe4 18. Qxe4 g6 19. Qe3 Rxd1 20. Rxd1 Rd8 21.
Rxd8+ Qxd8 22. Qd2 Qxd2 23. Nxd2 Kf8 24. h4 h6 25. f3 Ke7 26. Kf2 g5 27. hxg5
hxg5 28. Ke3 f5 29. g3 Ne5 30. a4 Kd6 31. b4 Bd5 32. f4 gxf4+ 33. gxf4 Nc6 34.
Bb3 Bxb3 35. Nxb3 e5 36. b5 Nb8 37. c4 Nd7 38. a5 bxa5 39. Nxa5 Kc5 40. fxe5
Nxe5 41. Kf4 Nxc4 42. Nc6 Nd6 43. Nxa7 Nxb5 44. Nxb5 Kxb5 45. Kxf5 1/2-1/2

[Event "Speed Chess (Women) GP2"]
[Site "Chess.com INT"]
[Date "2020.07.02"]
[Round "2.2"]
[White "Hou, Yifan"]
[Black "Ushenina, Anna"]
[Result "1/2-1/2"]
[WhiteElo "2658"]
[BlackElo "2416"]
[PlyCount "101"]
[EventDate "2020.07.01"]
[EventType "k.o. (blitz)"]
[EventRounds "4"]
[EventCountry "USA"]
[SourceTitle "CBM 197 Extra"]
[Source "ChessBase"]
[SourceDate "2020.09.30"]
[SourceVersion "1"]
[SourceVersionDate "2020.09.30"]
[SourceQuality "1"]

1. e4 e5 2. Nf3 Nf6 3. Nc3 Nc6 4. Bb5 Bb4 5. O-O O-O 6. d3 d6 7. Ne2 Ne7 8. c3
Ba5 9. Ba4 Ng6 10. Ng3 c6 11. d4 h6 12. h3 Re8 13. Bc2 Be6 14. Be3 Bb6 15. Re1
Qc7 16. Qd2 Kh7 17. Nf5 Bxf5 18. exf5 Nf8 19. Nh2 N8d7 20. a4 a5 21. Ng4 Nxg4
22. hxg4 f6 23. g3 d5 24. Kg2 Nf8 25. Rh1 Kg8 26. Rh2 Qe7 27. Rah1 exd4 28.
cxd4 Qb4 29. Qd1 Rxe3 30. fxe3 Nh7 31. b3 Ng5 32. Qe1 Qd6 33. Qf2 Re8 34. Re1
Bc7 35. Rhh1 Re7 36. Rhf1 Qd7 37. Qd2 Qe8 38. Rf4 Bxf4 39. gxf4 Ne4 40. Bxe4
Rxe4 41. Kf3 Qd8 42. Rh1 Qe7 43. Kf2 Qe8 44. Qc3 Qe7 45. Rh3 Qe8 46. Rh1 Qd8
47. Rh3 Qc7 48. Rf3 Qd8 49. Rh3 Qc7 50. Rf3 Qd8 51. Rh3 1/2-1/2

[Event "Speed Chess (Women) GP2"]
[Site "Chess.com INT"]
[Date "2020.07.02"]
[Round "2.3"]
[White "Ushenina, Anna"]
[Black "Hou, Yifan"]
[Result "0-1"]
[WhiteElo "2416"]
[BlackElo "2658"]
[PlyCount "114"]
[EventDate "2020.07.01"]
[EventType "k.o. (blitz)"]
[EventRounds "4"]
[EventCountry "USA"]
[SourceTitle "CBM 197 Extra"]
[Source "ChessBase"]
[SourceDate "2020.09.30"]
[SourceVersion "1"]
[SourceVersionDate "2020.09.30"]
[SourceQuality "1"]

1. d4 Nf6 2. Nf3 e6 3. Bf4 c5 4. e3 Nc6 5. Nbd2 d5 6. c3 Be7 7. h3 Bd6 8. dxc5
Bxc5 9. Bd3 O-O 10. Qe2 Bd6 11. Bxd6 Qxd6 12. e4 dxe4 13. Nxe4 Nxe4 14. Qxe4 f5
15. Qe3 e5 16. Rd1 Qf6 17. Bc4+ Kh8 18. Qg5 Qxg5 19. Nxg5 h6 20. Nf7+ Kh7 21.
Nd6 Rf6 22. Ne8 Rf8 23. Nd6 Rb8 24. Ke2 Rf6 25. Rd2 Be6 26. Bxe6 Rxe6 27. Nxf5
Kg6 28. Ne3 b5 29. Rhd1 b4 30. Rd6 Kf7 31. Rxe6 Kxe6 32. Nc4 Ke7 33. Ke3 bxc3
34. bxc3 Rc8 35. Ke4 Ke6 36. Rd6+ Ke7 37. Rg6 Kf8 38. Nd6 Rc7 39. c4 Ne7 40.
Re6 Nc8 41. Nxc8 Rxc4+ 42. Kxe5 Rxc8 43. Ra6 Rc2 44. Rxa7 Rxf2 45. a4 Rxg2 46.
a5 Rh2 47. a6 Rxh3 48. Rb7 Re3+ 49. Kf4 Ra3 50. a7 Ra4+ 51. Kf5 Ra5+ 52. Kg6
Ra6+ 53. Kh5 Ra5+ 54. Kg6 Ra6+ 55. Kh7 h5 56. Rb8+ Kf7 57. a8=Q Rh6# 0-1

[Event "Speed Chess (Women) GP2"]
[Site "Chess.com INT"]
[Date "2020.07.02"]
[Round "2.4"]
[White "Hou, Yifan"]
[Black "Ushenina, Anna"]
[Result "1/2-1/2"]
[WhiteElo "2658"]
[BlackElo "2416"]
[PlyCount "64"]
[EventDate "2020.07.01"]
[EventType "k.o. (blitz)"]
[EventRounds "4"]
[EventCountry "USA"]
[SourceTitle "CBM 197 Extra"]
[Source "ChessBase"]
[SourceDate "2020.09.30"]
[SourceVersion "1"]
[SourceVersionDate "2020.09.30"]
[SourceQuality "1"]

1. e4 e5 2. Nf3 Nf6 3. Nc3 Nc6 4. Bb5 Be7 5. O-O Nd4 6. Bc4 Nxf3+ 7. Qxf3 d6 8.
d3 O-O 9. h3 Be6 10. Bb3 c6 11. Bxe6 fxe6 12. Qe2 Qe8 13. a4 Qg6 14. Bd2 Nh5
15. Qg4 Nf4 16. g3 h5 17. Qxg6 Nxg6 18. h4 d5 19. Kg2 Bd6 20. Rfe1 Rf7 21. Re2
Raf8 22. Rf1 Bc5 23. Nd1 Bd6 24. b3 a6 25. a5 Kh7 26. Bc3 Kg8 27. Nb2 Rd8 28.
Na4 Rdf8 29. Nb2 Rd8 30. Nd1 Rdf8 31. Bd2 Bc5 32. Bc3 Bd6 1/2-1/2

[Event "Speed Chess (Women) GP2"]
[Site "Chess.com INT"]
[Date "2020.07.02"]
[Round "2.5"]
[White "Ushenina, Anna"]
[Black "Hou, Yifan"]
[Result "1-0"]
[WhiteElo "2416"]
[BlackElo "2658"]
[PlyCount "85"]
[EventDate "2020.07.01"]
[EventType "k.o. (blitz)"]
[EventRounds "4"]
[EventCountry "USA"]
[SourceTitle "CBM 197 Extra"]
[Source "ChessBase"]
[SourceDate "2020.09.30"]
[SourceVersion "1"]
[SourceVersionDate "2020.09.30"]
[SourceQuality "1"]

1. d4 Nf6 2. Nf3 e6 3. Bf4 c5 4. e3 Nc6 5. Nbd2 d5 6. c3 Be7 7. h3 Bd6 8. dxc5
Bxc5 9. Bd3 O-O 10. Qe2 Bd6 11. Bxd6 Qxd6 12. e4 e5 13. Rd1 Rd8 14. O-O Be6 15.
exd5 Nxd5 16. Nc4 Qc7 17. Ncxe5 Nf4 18. Bxh7+ Kxh7 19. Qe4+ Kg8 20. Qxf4 Bxa2
21. Qg3 Rxd1 22. Rxd1 Re8 23. Nxc6 Qxg3 24. fxg3 bxc6 25. Kf2 Bd5 26. Nd4 f6
27. b4 Kf7 28. Ra1 Re7 29. Ra6 Rc7 30. g4 g5 31. g3 Ke7 32. h4 Kf7 33. Nf5 Ke6
34. Ra5 Be4 35. Nd4+ Kd6 36. Rc5 gxh4 37. gxh4 Rg7 38. Kg3 Rg8 39. Kf4 Bd5 40.
h5 Re8 41. Kf5 Rg8 42. Kf4 Re8 43. h6 1-0

[Event "Speed Chess (Women) GP2"]
[Site "Chess.com INT"]
[Date "2020.07.02"]
[Round "2.6"]
[White "Hou, Yifan"]
[Black "Ushenina, Anna"]
[Result "1-0"]
[WhiteElo "2658"]
[BlackElo "2416"]
[PlyCount "111"]
[EventDate "2020.07.01"]
[EventType "k.o. (blitz)"]
[EventRounds "4"]
[EventCountry "USA"]
[SourceTitle "CBM 197 Extra"]
[Source "ChessBase"]
[SourceDate "2020.09.30"]
[SourceVersion "1"]
[SourceVersionDate "2020.09.30"]
[SourceQuality "1"]

1. e4 e5 2. Nf3 Nf6 3. Nc3 Nc6 4. Bb5 Be7 5. d3 d6 6. Be3 O-O 7. O-O Na5 8. d4
exd4 9. Nxd4 a6 10. Be2 c5 11. Nf3 b5 12. a4 b4 13. Nd5 Bb7 14. Nxf6+ Bxf6 15.
e5 Be7 16. Qd2 dxe5 17. Nxe5 Qxd2 18. Bxd2 Rfd8 19. Rfd1 Be4 20. Bd3 Bxd3 21.
Nxd3 Nc4 22. b3 Nxd2 23. Rxd2 Bf6 24. Rad1 Bc3 25. Re2 Rac8 26. Re4 Kf8 27. Kf1
g6 28. g4 Rd7 29. Ke2 Rcd8 30. Rf1 Rc8 31. Rc4 Rd5 32. Re4 Rcd8 33. h3 Rc8 34.
Rd1 Rcd8 35. f3 Rc8 36. Nf2 Rcd8 37. Rxd5 Rxd5 38. Nd3 Bd4 39. Nf4 Rd7 40. Kd3
Be5+ 41. Kc4 Bxf4 42. Rxf4 Rd2 43. Kxc5 Rxc2+ 44. Kxb4 Rh2 45. Ka5 Rxh3 46.
Kxa6 h5 47. gxh5 gxh5 48. b4 h4 49. b5 Rh1 50. b6 h3 51. Rh4 h2 52. b7 Rb1 53.
Rxh2 Ke7 54. Rh8 Rb4 55. b8=Q Rxa4+ 56. Kb5 1-0

[Event "Speed Chess (Women) GP2"]
[Site "Chess.com INT"]
[Date "2020.07.02"]
[Round "2.7"]
[White "Ushenina, Anna"]
[Black "Hou, Yifan"]
[Result "1/2-1/2"]
[WhiteElo "2416"]
[BlackElo "2658"]
[PlyCount "83"]
[EventDate "2020.07.01"]
[EventType "k.o. (blitz)"]
[EventRounds "4"]
[EventCountry "USA"]
[SourceTitle "CBM 197 Extra"]
[Source "ChessBase"]
[SourceDate "2020.09.30"]
[SourceVersion "1"]
[SourceVersionDate "2020.09.30"]
[SourceQuality "1"]

1. d4 Nf6 2. Nf3 b6 3. Bg5 Bb7 4. Nbd2 e6 5. e4 h6 6. Bxf6 Qxf6 7. Bd3 d6 8.
O-O Nd7 9. a4 a6 10. a5 b5 11. c4 bxc4 12. Nxc4 Qd8 13. b4 Be7 14. Rb1 O-O 15.
Qc2 d5 16. Nce5 Nxe5 17. Nxe5 Bd6 18. Nc6 Bxc6 19. Qxc6 dxe4 20. Qxe4 g6 21.
Rfc1 Qe7 22. b5 axb5 23. Rxb5 Ra7 24. Ra1 Ba3 25. Qe3 Rfa8 26. Bxg6 Rxa5 27.
Rxa5 Rxa5 28. Be4 Qg5 29. Qd3 Bd6 30. Rb1 Kg7 31. g3 Qf6 32. Kg2 Ra4 33. Rd1
Ra2 34. Rd2 Rxd2 35. Qxd2 c5 36. dxc5 Bxc5 37. Qe2 Qd4 38. Qg4+ Kf8 39. Qf3 Kg7
40. Qg4+ Kf8 41. Qf3 Kg7 42. Qg4+ 1/2-1/2

[Event "Speed Chess (Women) GP2"]
[Site "Chess.com INT"]
[Date "2020.07.02"]
[Round "2.8"]
[White "Hou, Yifan"]
[Black "Ushenina, Anna"]
[Result "0-1"]
[WhiteElo "2658"]
[BlackElo "2416"]
[PlyCount "98"]
[EventDate "2020.07.01"]
[EventType "k.o. (blitz)"]
[EventRounds "4"]
[EventCountry "USA"]
[SourceTitle "CBM 197 Extra"]
[Source "ChessBase"]
[SourceDate "2020.09.30"]
[SourceVersion "1"]
[SourceVersionDate "2020.09.30"]
[SourceQuality "1"]

1. e4 e5 2. Nf3 Nf6 3. Nc3 Nc6 4. d4 exd4 5. Nxd4 Bb4 6. Nxc6 bxc6 7. Bd3 O-O
8. O-O d5 9. exd5 Bg4 10. Be2 Bxe2 11. Nxe2 cxd5 12. Bf4 Bd6 13. b3 Re8 14. h3
Bxf4 15. Nxf4 Qd6 16. Qf3 Re4 17. Ne2 Rae8 18. Ng3 R4e5 19. Rfd1 Qe6 20. c3 c5
21. Rac1 h5 22. Rc2 h4 23. Nf1 Re2 24. Rcd2 Rxd2 25. Rxd2 Qe4 26. Qd1 Qe1 27.
Qxe1 Rxe1 28. Rc2 Ne4 29. b4 cxb4 30. cxb4 d4 31. Rc8+ Kh7 32. Rd8 Nd2 33. Rxd4
Rxf1+ 34. Kh2 Rxf2 35. Rxh4+ Kg6 36. Kg3 Rf1 37. Rd4 Nb1 38. Rd3 Rc1 39. a4 Rc4
40. Rb3 Rc3+ 41. Rxc3 Nxc3 42. a5 a6 43. Kf3 Nd5 44. b5 axb5 45. a6 Nc7 46. a7
Kf5 47. Ke3 Ke5 48. g4 g5 49. Kd3 Kd5 0-1

[Event "Speed Chess (Women) GP2"]
[Site "Chess.com INT"]
[Date "2020.07.02"]
[Round "2.9"]
[White "Ushenina, Anna"]
[Black "Hou, Yifan"]
[Result "1-0"]
[WhiteElo "2416"]
[BlackElo "2658"]
[PlyCount "93"]
[EventDate "2020.07.01"]
[EventType "k.o. (blitz)"]
[EventRounds "4"]
[EventCountry "USA"]
[SourceTitle "CBM 197 Extra"]
[Source "ChessBase"]
[SourceDate "2020.09.30"]
[SourceVersion "1"]
[SourceVersionDate "2020.09.30"]
[SourceQuality "1"]

1. d4 Nf6 2. Nf3 e6 3. Bf4 d5 4. e3 c5 5. Nbd2 Nc6 6. c3 Be7 7. h3 Bd6 8. dxc5
Bxc5 9. Bd3 O-O 10. Qe2 Bd6 11. Bxd6 Qxd6 12. e4 e5 13. Rd1 Rd8 14. O-O Nh5 15.
Qe3 Nf4 16. exd5 Nxd5 17. Qg5 h6 18. Qh4 f5 19. Bc4 Be6 20. Rfe1 e4 21. Qg3
Qxg3 22. fxg3 Bf7 23. Nh4 g6 24. g4 e3 25. Nf1 f4 26. Bxd5 Bxd5 27. Nxg6 Bxa2
28. Rxd8+ Rxd8 29. Nxf4 Bc4 30. Nxe3 Bf7 31. Nf5 Kh7 32. Re2 Rd1+ 33. Kf2 Rb1
34. h4 Bc4 35. Rd2 Ne5 36. Kg3 Rf1 37. Ne3 Re1 38. Nxc4 Nxc4 39. Rd7+ Kg8 40.
h5 Ne5 41. Rxb7 Re3+ 42. Kh4 Re4 43. Rb4 Re1 44. Ra4 Rf1 45. g5 Rh1+ 46. Nh3
hxg5+ 47. Kxg5 1-0

[Event "Speed Chess (Women) GP2"]
[Site "Chess.com INT"]
[Date "2020.07.02"]
[Round "2.10"]
[White "Hou, Yifan"]
[Black "Ushenina, Anna"]
[Result "1/2-1/2"]
[WhiteElo "2658"]
[BlackElo "2416"]
[PlyCount "80"]
[EventDate "2020.07.01"]
[EventType "k.o. (blitz)"]
[EventRounds "4"]
[EventCountry "USA"]
[SourceTitle "CBM 197 Extra"]
[Source "ChessBase"]
[SourceDate "2020.09.30"]
[SourceVersion "1"]
[SourceVersionDate "2020.09.30"]
[SourceQuality "1"]

1. e4 e5 2. Nc3 Nf6 3. g3 d5 4. exd5 Nxd5 5. Bg2 Nxc3 6. bxc3 Be7 7. Nf3 Nc6 8.
O-O O-O 9. d3 Bf6 10. Nd2 g6 11. Rb1 Bg7 12. Ba3 Re8 13. Ne4 Ne7 14. Nc5 Nd5
15. Qd2 Rb8 16. c4 Nb6 17. Bb2 Nxc4 18. Qc3 Nxb2 19. Qxb2 c6 20. Bxc6 Re7 21.
Bg2 b6 22. Qb3 Qd4 23. Ne4 Bb7 24. Qa3 Qd8 25. Rfe1 Bd5 26. Nc3 Bxg2 27. Kxg2
Rc7 28. Re2 Rbc8 29. Ne4 Rxc2 30. Rxc2 Rxc2 31. Qxa7 Bf8 32. Rxb6 Qxd3 33. Qa8
Rc1 34. Nf6+ Kg7 35. Ne8+ Kg8 36. Qa6 Qe4+ 37. Kh3 Qf5+ 38. Kg2 Qe4+ 39. Kh3
Qf5+ 40. Kg2 Qe4+ 1/2-1/2

[Event "Speed Chess (Women) GP2"]
[Site "Chess.com INT"]
[Date "2020.07.02"]
[Round "2.11"]
[White "Ushenina, Anna"]
[Black "Hou, Yifan"]
[Result "1-0"]
[WhiteElo "2416"]
[BlackElo "2658"]
[PlyCount "67"]
[EventDate "2020.07.01"]
[EventType "k.o. (blitz)"]
[EventRounds "4"]
[EventCountry "USA"]
[SourceTitle "CBM 197 Extra"]
[Source "ChessBase"]
[SourceDate "2020.09.30"]
[SourceVersion "1"]
[SourceVersionDate "2020.09.30"]
[SourceQuality "1"]

1. d4 Nf6 2. Nf3 b6 3. Bg5 Bb7 4. Nbd2 e6 5. e4 h6 6. Bxf6 Qxf6 7. Bd3 d6 8.
O-O Nd7 9. a4 g5 10. c3 a6 11. Qe2 Bg7 12. Ne1 O-O 13. Nc2 c5 14. Nc4 Qe7 15.
f4 cxd4 16. cxd4 d5 17. exd5 Bxd5 18. N4e3 Qd6 19. fxg5 hxg5 20. Nxd5 exd5 21.
Qh5 Qh6 22. Qxh6 Bxh6 23. Rf5 Rfd8 24. Rxd5 a5 25. Re1 Nf6 26. Rxd8+ Rxd8 27.
Re5 g4 28. Kf2 Kg7 29. Rb5 Rd6 30. g3 Nd5 31. Be4 Nc7 32. Rf5 Ne6 33. Bd5 Nc7
34. Rxf7+ 1-0

[Event "Speed Chess (Women) GP3"]
[Site "Chess.com INT"]
[Date "2020.07.09"]
[Round "2.9"]
[White "Harika, Dronavalli"]
[Black "Hou, Yifan"]
[Result "0-1"]
[WhiteElo "2515"]
[BlackElo "2658"]
[PlyCount "104"]
[EventDate "2020.07.08"]
[EventType "k.o. (blitz)"]
[EventRounds "4"]
[EventCountry "USA"]
[SourceTitle "CBM 197 Extra"]
[Source "ChessBase"]
[SourceDate "2020.09.30"]
[SourceVersion "1"]
[SourceVersionDate "2020.09.30"]
[SourceQuality "1"]

1. f4 d5 2. Nf3 Nf6 3. g3 Bg4 4. Bg2 e6 5. O-O Bxf3 6. Bxf3 Bd6 7. d3 c6 8. Qe1
O-O 9. e4 dxe4 10. dxe4 e5 11. f5 Na6 12. g4 h6 13. Kh1 Nh7 14. Qe2 Be7 15. Bg2
Bg5 16. Nc3 Nc5 17. Be3 Bxe3 18. Qxe3 Qe7 19. Rad1 a5 20. a3 Rfd8 21. Qf2 Rxd1
22. Rxd1 b6 23. Qd2 Nf6 24. h3 Kf8 25. Bf3 Ke8 26. Qf2 Rd8 27. Rxd8+ Qxd8 28.
h4 Qd4 29. Qe2 b5 30. g5 hxg5 31. hxg5 Nfd7 32. Kg2 b4 33. axb4 axb4 34. Nd1
Qd6 35. Nf2 Kd8 36. c3 bxc3 37. bxc3 Kc7 38. Qa2 Qe7 39. Qa7+ Kd6 40. Nh3 Qd8
41. Qa2 Ke7 42. Qa3 Qb6 43. Nf2 Qb3 44. Qc1 Qa2 45. Qe3 Qb2 46. Kg3 Na4 47. Nd1
Qb1 48. Qa7 Nab6 49. Qa3+ Kd8 50. Qd6 Qc1 51. Kg4 Qf4+ 52. Kh5 Qxf3+ 0-1